Statistics for Belarus Country Quiz

Click here to take the quiz!

General Stats

  • This quiz has been taken 12,104 times
    (11,591 since last reset)
  • The average score is 13 of 17

Answer Stats

HintAnswer% Correct
Official languagesRussian
99%
Capital cityMinsk
97%
Country from which Belarus gained its independence in 1990Soviet Union
97%
Country which lies on Belarus's southern borderUkraine
94%
Official languagesBelarusian
90%
Branch of Christianity practiced by 48.3% of the populationEastern Orthodoxy
89%
About 20% of Belarus's farmland was contaminated by this 1986 disasterChernobyl
87%
25.3% of the population of Belarus was killed during this conflict, the worst of any countryWWII
87%
Alphabet used in BelarusCyrillic
80%
Because of its relative lack of freedoms, Belarus is sometimes called ...The Last
{Dictatorship}
in Europe
79%
CurrencyRuble
76%
Outdated name for Belarus{White} Russia
74%
Second-most popular sport after footballIce Hockey
62%
Belarus is the only country in Europe which has not abolished (or placed a moratorium)
on this controversial practice
Capital Punishment
57%
First and only President of Belarus, 1994–presentAlexander
Lukashenko
53%
Name one of the three major rivers flowing through BelarusNeman | Pripyat |
Dnieper
45%
The national animal of Belarus is the wisent, also known as the ...European {Bison}
40%

Score Distribution

Percentile by Number Answered

Percent of People with Each Score

Your Score History

You have not taken this quiz since the last reset